000 02220nam a2200277 a 4500
003 DO-SdBNP
005 20240507110813.0
007 ta
008 100322s2019 dr 1 000 0 spa d
020 _a9789945613148
040 _aDO-SdBNP
_bspa
_cBNPHU
082 4 _a972.93053
_bJ36u
_222
100 1 _aJáquez Trejo, Ernesto
_937920
245 1 3 _aEl último expedicionario de Maimón /
_cErnesto Jáquez Trejo ; prólogo Giovanni Brito Bloise
260 _aSanto Domingo :
_bArchivo General de la Nación,
_c2019.
300 _a197 p. :
_c23 cm.
490 1 _aArchivo General de la Nación ;
_v349 ;
500 _aIncluye datos biográficos del autor en la solapa de la portada.
500 _aIncluye índice onomástico.
505 0 _tEl desembarco de Maimón, 19
_tLa gran hazaña, 23
_tLos francotiradores, 29
_tLo inesperado, 33
_tInstalan comando central, 27
_tYa están en el municipio de Imbert, 42
_tFuego al cañaveral, 44
_tPánico en Imbert, 45
_tEn el río Damajagua, 47
_tLos vieron en Barrabás, 48
_tLlegan a la loma del brinco, 51
_tUna historia que perdura: Juan Mora y Antonio Vejarán, 61
_tRegresan a la loma del Brinco, 66
_tContacto en Naranjo Chino, 67
_tEl corre-corre hacia Los Sención, 68
_tEncuentro con Justo Carpito, 71
_tLarry bevins y su grupo en La Sabana del Corozo, 82
_tEl genocidio de la familia Ruiz, 91
_tEl día de mi suerte, 93
_tTraición en el naranjo Chino, 95
_tEn medio del combate, 99
_tEl plan de la traición, 104
_t¿Cómo escaparon del cerco militar?, 110
_tEl grito de Florita, 115
_tSalieron hacia Pozo Prieto, 117
_tDesaparece Pascual Minaya, 121
_tAparece pascual, 125
_tLlegaron a Los Caraballo, 128
_tPero los guardias no están aquí, 130
_tEn el rancho de Mamá Cleo, 132
_tLa sorpresa del cabo rural, 137
_tEl traidor de pescadobobo, 140
_tLa traición de Pescadobobo, 144
_tDónde está el francotirador?, 148
_tEntre Fidel y Trujillo. Bolo atrapado en su conuco, 150
_tSancocho, 157
_tSe inmola el último expedicionario, 160
_tRecogiendo limosnas, 163
_tNo lo tumban, noo, 165
590 _aInventariado, 2021/ YL
700 1 _aBrito Bloise, Giovanni,
_eprologo
_974080
830 _aArchivo General de la Nación ;
_n227
_973352
910 _aYL/ Validado, 2021/MAA
942 _2ddc
_cLBS1
999 _c49659
_d49659